Sports Quiz

Random Sports or NBA Quiz

All-NBA Teammates of the 2000s Quiz Stats

 Plays Quiz Updated Dec 29, 2015

Challenge
Share
Tweet
Embed
Score 0/57 Timer 03:00
16 Plays Today
Year Player % Correct
'00-'01Kobe Bryant
99.5%
'01-'02Kobe Bryant
99.5%
'02-'03Kobe Bryant
99.5%
'03-'04Kobe Bryant
99.5%
'08-'09Kobe Bryant
99.5%
'09-'10Kobe Bryant
99.5%
'00-'01Shaquille O'Neal
96.9%
'01-'02Shaquille O'Neal
96.9%
'02-'03Shaquille O'Neal
96.9%
'03-'04Shaquille O'Neal
96.9%
'04-'05Shaquille O'Neal
96.9%
'05-'06Shaquille O'Neal
96.9%
'00-'01Tim Duncan
96.5%
'07-'08Tim Duncan
96.5%
'08-'09Tim Duncan
96.5%
'00-'01Allen Iverson
95.6%
'01-'02Allen Iverson
95.6%
'01-'02Steve Nash
94.4%
'02-'03Steve Nash
94.4%
'04-'05Steve Nash
94.4%
'05-'06Steve Nash
94.4%
'06-'07Steve Nash
94.4%
'07-'08Steve Nash
94.4%
'09-'10Steve Nash
94.4%
'03-'04Jermaine O'Neal
94%
'03-'04Kevin Garnett
93.7%
'07-'08Kevin Garnett
93.7%
'04-'05Dwyane Wade
91.7%
'05-'06Dwyane Wade
91.7%
Year Player % Correct
'08-'09Tony Parker
91.2%
'01-'02Dirk Nowitzki
90.3%
'02-'03Dirk Nowitzki
90.3%
'07-'08Paul Pierce
88.8%
'06-'07Yao Ming
85.4%
'07-'08Yao Ming
85.4%
'00-'01David Robinson
85%
'06-'07Tracy McGrady
81.7%
'07-'08Tracy McGrady
81.6%
'08-'09Carmelo Anthony
79.5%
'04-'05Amar'e Stoudemire
79.3%
'06-'07Amar'e Stoudemire
79.3%
'07-'08Amar'e Stoudemire
79.3%
'09-'10Amar'e Stoudemire
79.3%
'05-'06Ben Wallace
78.1%
'08-'09Pau Gasol
77.6%
'09-'10Pau Gasol
77.6%
'05-'06Chauncey Billups
77.3%
'08-'09Chauncey Billups
77.3%
'07-'08Manu GinĂ³bili
74%
'07-'08Deron Williams
62.3%
'04-'05Shawn Marion
60.8%
'05-'06Shawn Marion
60.8%
'00-'01Dikembe Mutombo
56.4%
'01-'02Dikembe Mutombo
56.4%
'07-'08Carlos Boozer
49.1%
'03-'04Ron Artest
49.1%
'03-'04Sam Cassell
42.7%

You're not logged in!

Compare scores with friends on all Sporcle quizzes.
OR
Log In

You Might Also Like...

Show Comments

Extras

Top Quizzes Today


Score Distribution

Your Account Isn't Verified!

In order to create a playlist on Sporcle, you need to verify the email address you used during registration. Go to your Sporcle Settings to finish the process.

Report this User

Report this user for behavior that violates our Community Guidelines.

Details: